Если бы снеговики не таяли... (Запись № 10903645)

Подробности
000 -МАРКЕР
контрольное поле 01831nam0a2200397 i 4500
001 - ИДЕНТИФИКАТОР ЗАПИСИ
контрольное поле RU\NLR\BIBL_A\011287985
005 - ИДЕНТИФИКАТОР ВЕРСИИ
контрольное поле 20240921190239.0
010 ## - МЕЖДУНАРОДНЫЙ СТАНДАРТНЫЙ НОМЕР КНИГИ (ISBN)
Номер (ISBN) 9785906859761
Тираж 2500
021 ## - НОМЕР ГОСУДАРСТВЕННОЙ РЕГИСТРАЦИИ
Код страны Российская Федерация
Номер 2016-87312
Номер Листа государственной регистраци 5733
035 ## - ДРУГИЕ СИСТЕМНЫЕ НОМЕРА
Идентификатор записи (NLR Aleph) 011287985
100 ## - ДАННЫЕ ОБЩЕЙ ОБРАБОТКИ
Данные общей обработки 20161205d2017 u y0rusy50 ca
101 1# - ЯЗЫК РЕСУРСА
Язык текста, звукозаписи и т.д. русский
Язык оригинала персидский, фарси
102 ## - СТРАНА ПУБЛИКАЦИИ ИЛИ ПРОИЗВОДСТВА
Страна публикации Российская Федерация
105 ## - ПОЛЕ КОДИРОВАННЫХ ДАННЫХ: ТЕКСТОВЫЕ МАТЕРИАЛЫ, МОНОГРАФИЧЕСКИЕ
Кодированные данные о монографическом текстовом документе ac z 000zy
200 1# - ЗАГЛАВИЕ И СВЕДЕНИЯ ОБ ОТВЕТСТВЕННОСТИ
Основное заглавие Если бы снеговики не таяли...
Первые сведения об ответственности Сейед Али Шоджаи
Последующие сведения об ответственности [пер. с перс. Дж. Мирзоева
-- ил.: Элахе Тахериан]
210 ## - ПУБЛИКАЦИЯ, РАСПРОСТРАНЕНИЕ И ДР.
Место издания, распространения и т.д. Москва
Имя издателя, распространителя и т. д. САДРА
Дата издания, распространения и т.д. 2017
-- [т. е. 2016]
215 ## - ФИЗИЧЕСКАЯ ХАРАКТЕРИСТИКА
Специфическое обозначение материала и объем 28, [4] с.
Другие сведения о физической характеристике цв. ил., портр.
Размеры 27
225 1# - СЕРИЯ
Основное заглавие серии Персидские сказки
225 1# - СЕРИЯ
Основное заглавие серии Серия сказок "Нейестан"
300 ## - ОБЩИЕ ПРИМЕЧАНИЯ
Текст примечания В конце кн. авт.: Сейед Али Шоджаи, лауреат Акад. премии (Германия)
300 ## - ОБЩИЕ ПРИМЕЧАНИЯ
Текст примечания На обл. авт. не указан
300 ## - ОБЩИЕ ПРИМЕЧАНИЯ
Текст примечания Кн. фактически изд. в 2016 г.
311 ## - ПРИМЕЧАНИЯ, ОТНОСЯЩИЕСЯ К ПОЛЯМ СВЯЗИ (ПРИМЕЧАНИЯ О СВЯЗИ С ДРУГИМИ ПРОИЗВЕДЕНИЯМИ (ИЗДАНИЯМИ))
Текст примечания Является первой частью трилогии "Философия для детей"
320 ## - ПРИМЕЧАНИЯ О НАЛИЧИИ В ДОКУМЕНТЕ БИБЛИОГРАФИИ / УКАЗАТЕЛЯ
Текст примечания Др. рассказ авт. в конце кн.
333 ## - ПРИМЕЧАНИЯ ОБ ОСОБЕННОСТЯХ РАСПРОСТРАНЕНИЯ И ИСПОЛЬЗОВАНИЯ
Текст примечания 12+
488 #0 - ДРУГИЕ ВЗАИМОСВЯЗАННЫЕ ПРОИЗВЕДЕНИЯ (ДОКУМЕНТЫ)
Встроенное поле 2001#$aФилософия для детей
Заглавие Философия для детей
686 0# - ИНДЕКСЫ ДРУГИХ КЛАССИФИКАЦИЙ
Индекс Ш9(5Ирн)60-4
700 #1 - ИМЯ ЛИЦА - ПЕРВИЧНАЯ ОТВЕТСТВЕННОСТЬ
Графика поля Кириллица
Материалы, к которым относится поле rus
Начальный элемент ввода Шоджаи
Часть имени, кроме начального элемента ввода С. А.
Даты 1983-
Расширение инициалов личного имени Сейед Али
Системный номер авторитетной/нормативной записи 190318
Идентификатор авторитетной/нормативной записи RU\NLR\AUTH\770190369
702 #1 - ИМЯ ЛИЦА - ВТОРИЧНАЯ ОТВЕТСТВЕННОСТЬ
Код отношения Переводчик
Начальный элемент ввода Мирзоев
Часть имени, кроме начального элемента ввода Д. Ш.
Расширение инициалов личного имени Джовид Ш.
Системный номер авторитетной/нормативной записи 137779
Идентификатор авторитетной/нормативной записи RU\NLR\AUTH\770137814
702 #1 - ИМЯ ЛИЦА - ВТОРИЧНАЯ ОТВЕТСТВЕННОСТЬ
Код отношения Иллюстратор
Графика поля Кириллица
Материалы, к которым относится поле rus
Начальный элемент ввода Тахериан
Часть имени, кроме начального элемента ввода Э.
Расширение инициалов личного имени Элахе
Системный номер авторитетной/нормативной записи 167840
Идентификатор авторитетной/нормативной записи RU\NLR\AUTH\770167888
942 ## - ДОПОЛНИТЕЛЬНЫЕ ЭЛЕМЕНТЫ ЗАПИСИ (АБИС)
Тип экземпляра АБИС Книга
980 ## - КОЛЛЕКЦИЯ
Название коллекции НБР

Нет доступных экземпляров.